000 00727nam a2200205Ia 4500
003 GCL
008 140319s9999 xx 000 0 ara d
040 _aGCL /
_cGCL
082 0 4 _a329.962064
_bك ح
100 1 _aكمال احمد
245 1 0 _aالحزب الناصرى : قضايا ووثائق /
_cكمال احمد
300 _a437 ص
490 _aالهيئة العامة للاستعلامات
_v0
650 0 4 _aالاحزاب السياسية
650 0 4 _aمصر - تاريخ
650 0 4 _aمصر - تاريخ - العصر الحديث - جمال عبدالناصر ( 1954-1970 )
650 0 4 _aمصر - الحزب الوطنى الديمقراطى
650 0 4 _aالحزب الناصرى
942 _2ddc
_cBK
999 _c52043
_d52043